| 000 | 01370cam a2200349 a 4500 | ||
|---|---|---|---|
| 001 | 1671358 | ||
| 003 | PILC | ||
| 005 | 20150903142854.0 | ||
| 008 | 981013s1999 nyu c 000 1 eng | ||
| 010 | _a 98031794 | ||
| 020 | _a0553571095 (pbk. : alk. paper) | ||
| 040 |
_aDLC _cDLC _dDLC |
||
| 042 | _alcac | ||
| 050 | 0 | 0 |
_aPZ 7 _b.M139 1999 |
| 082 | 0 | 0 | _a[Fic] |
| 100 | 1 | _aMcDaniel, Lurlene. | |
| 245 | 1 | 0 |
_aReach for tomorrow / _cLurlene McDaniel. |
| 260 |
_aNew York : _bBantam Books, _c1999. |
||
| 300 |
_a171 pages ; _c18 cm. |
||
| 490 | 1 | _aOne last wish | |
| 520 | _aAfter her freshman year at college, Katie decides to return to work at Jenny House, a camp for sick children, even though it means she may have to face her former boyfriend, Josh Martel, whose brother's heart had saved her life. | ||
| 650 | 1 |
_aCamps _xFiction. |
|
| 650 | 1 |
_aSick _xFiction. |
|
| 650 | 1 |
_aFriendship _xFiction. |
|
| 800 | 1 |
_aMcDaniel, Lurlene. _tOne last wish. |
|
| 856 | 4 | 1 |
_3Sample text _uhttp://www.loc.gov/catdir/samples/random044/98031794.html |
| 856 | 4 | 2 |
_3Publisher description _uhttp://www.loc.gov/catdir/description/random0411/98031794.html |
| 906 |
_a7 _bcbc _corignew _d1 _eocip _f19 _gy-gencatlg |
||
| 942 |
_2lcc _cBK _kFOR |
||
| 999 |
_c288597 _d288597 |
||